000 00773cam a2200253 a 4500
001 000005301
005 20200929151634.0
008 960613s1996 sp a b 001 0 spa
020 _a8437614139
040 _aDO-SdBNP
_cDLC
082 _a862.3
_bV422d
100 1 _aVega, Lope de,
_d1562-1635
_93084
245 1 3 _aLa Dorotea /
_cLope de Vega ; edición, José Manuel Blecua.
260 _aMadrid :
_bCátedra,
_c1996.
300 _a485 p. :
_bil. ;
_c18 cm.
490 1 _aLetras hispánicas
_v408
504 _aBibliografía: p. 81-83.
650 4 _aTeatro español
_93071
650 4 _aLiteratura española
_9632
700 1 _aBlecua, José Manuel,
_eed.
_915074
830 0 _aLetras hispánicas ;
_v408
_94208
910 _aCatalogación por copia / LC
910 _aWM
999 _c5102
_d5102